Transnational management: Text and cases-border management.(8th edition). (Record no. 60346)

MARC details
000 -LEADER
fixed length control field 00763nam a2200181 a 4500
008 - FIXED-LENGTH DATA ELEMENTS--GENERAL INFORMATION
fixed length control field 200807s2018 ||||||||||||||||| || u
020 ## - INTERNATIONAL STANDARD BOOK NUMBER
International Standard Book Number 9781108436694
050 ## - LIBRARY OF CONGRESS CALL NUMBER
Classification number HD 62.4 Bar
100 ## - MAIN ENTRY--PERSONAL NAME
Personal name Bartlett, Christopher A
245 10 - TITLE STATEMENT
Title Transnational management: Text and cases-border management.(8th edition).
Statement of responsibility, etc. By Christopher A. Bartlett; Paul W. Beamish
250 ## - EDITION STATEMENT
Edition statement 8th edition
260 ## - PUBLICATION, DISTRIBUTION, ETC.
Place of publication, distribution, etc. Cambridge
Name of publisher, distributor, etc. Cambridge University Press
Date of publication, distribution, etc. 2018
300 ## - PHYSICAL DESCRIPTION
Extent xviii, 553 pages : illustrations
350 ## - PRICE (NR) (BK AM CF MU VM SE) [OBSOLETE]
Price 67.34
650 ## - SUBJECT ADDED ENTRY--TOPICAL TERM
Topical term or geographic name entry element INTERNATIONAL BUSINESS ENTERPRISES--MANAGEMENT
700 ## - ADDED ENTRY--PERSONAL NAME
Personal name Beamish, Paul W
995 ## - RECOMMENDATION 995 [LOCAL, UNIMARC FRANCE]
-- CBU-MAIN LIBRARY (Kitwe)
-- 67.34
-- 1
-- AVAILABLE
-- Aug 11, 2020
-- Main Library Open Access Collection
Holdings
Withdrawn status Lost status Source of classification or shelving scheme Damaged status Not for loan Home library Current library Shelving location Date acquired Total Checkouts Full call number Barcode Date last seen Price effective from Koha item type
          CBU-MAIN LIBRARY, KITWE. CBU-MAIN LIBRARY, KITWE.   11/30/2022   HD 62.4 Bar 750250 11/30/2022 11/30/2022 MONOGRAPH